Economics for Cambridge International AS & A Level Coursebook with Digital Access

Saved in:
Bibliographic Details
Main Author: Bamford
Format: Book
Published: CUP
Tags: Add Tag
No Tags, Be the first to tag this record!

MARC

LEADER 00000nam a2200000Ia 4500
005 20260513122049.0
020 |a 9781108903417 
100 |a Bamford 
365 |c Rs. 
365 |b 25.00 
942 |c BK 
245 |a Economics for Cambridge International AS & A Level Coursebook with Digital Access 
260 |b CUP 
999 |c 13  |d 13 
952 |0 0  |1 0  |4 0  |7 0  |a UNSW  |b UNSW  |d 2026-05-06  |g 4590.00  |i 16681  |l 0  |p 000061  |r 2026-05-13 12:20:49  |v 4590.00  |w 2026-05-13  |y BK